La Iglesia Parroquial de San Martín de Tours de Trujillo / (Record no. 194992)

MARC details
000 -LEADER
campo de control de longitud fija 01312nam a2200349 i 4500
001 - NÚMERO DE CONTROL
campo de control 194992
003 - IDENTIFICADOR DE NÚMERO DE CONTROL
campo de control ES-MaREB
005 - FECHA Y HORA DE LA ÚLTIMA TRANSACCIÓN
campo de control 20260216183918.0
007 - CAMPO FIJO DE DESCRIPCIÓN FÍSICA--INFORMACIÓN GENERAL
campo de control de longitud fija ta
008 - DATOS DE LONGITUD FIJA--INFORMACIÓN GENERAL
campo de control de longitud fija 240523s2018 sp 001 0 spa d
017 ## - NÚMERO DE COPYRIGHT O DE DEPÓSITO LEGAL
Número de copyright o de depósito legal BA-071-2018
035 ## - NÚMERO DE CONTROL DEL SISTEMA
Número de control de sistema CRBE0000489665
035 ## - NÚMERO DE CONTROL DEL SISTEMA
Número de control de sistema ES-MaREB01657965-2
040 ## - FUENTE DE CATALOGACIÓN
Centro catalogador/agencia de origen br-ex
Lengua de catalogación spa
Centro/agencia transcriptor ES-MaACL
080 ## - NÚMERO DE LA CLASIFICACIÓN DECIMAL UNIVERSAL
Número de la Clasificación Decimal Universal 726(460.251)
100 1# - ENTRADA PRINCIPAL--NOMBRE DE PERSONA
Nombre de persona Ramos Rubio, José Antonio,
Fechas asociadas al nombre 1963-
9 (RLIN) 174430
245 13 - MENCIÓN DEL TÍTULO
Título La Iglesia Parroquial de San Martín de Tours de Trujillo /
Mención de responsabilidad, etc. Jose Antonio Ramos Rubio.
260 ## - PUBLICACIÓN, DISTRIBUCIÓN, ETC.
Lugar de publicación, distribución, etc. Trujillo :
Nombre del editor, distribuidor, etc. Restaurante Mesón Hostal "La cadena",
Fecha de publicación, distribución, etc. 2018.
300 ## - DESCRIPCIÓN FÍSICA
Extensión 150 p. :
Otras características físicas fot. b y n ;
Dimensiones 24 cm.
336 ## - TIPO DE CONTENIDO
Fuente rdacontent
Término de tipo de contenido texto
337 ## - TIPO DE MEDIO
Fuente rdamedia
Nombre/término del tipo de medio sin mediación
338 ## - TIPO DE SOPORTE
Fuente rdacarrier
Nombre/término del tipo de soporte volumen
500 ## - NOTA GENERAL
Nota general Catalogación provisional. Signatura: N 8669. Depósito J.
610 20 - PUNTO DE ACCESO ADICIONAL DE MATERIA--NOMBRE DE ENTIDAD CORPORATIVA
Nombre de entidad corporativa o nombre de jurisdicción como elemento de entrada Iglesia de San Martín (Trujillo)
9 (RLIN) 236616
852 ## - LOCALIZACIÓN
Ubicación ES-MaACL
Sublocalización o colección R.152988
Ubicación en estantería Depósito J
Número de control de estantería N-8669
Donativo/Legado Donación: José Antonio Ramos Rubio
itemnumber 202656
Nota libre En proceso
903 ## - NOMBRE PERSONAL DE DONANTE
a Ramos Rubio, José Antonio,
d 1963-
9 174430
942 ## - ELEMENTOS DE ENTRADA SECUNDARIOS (KOHA)
Suprimir en OPAC No
Tipo de ítem Koha Libro impreso
Holdings
Estatus retirado Estado de pérdida Fuente del sistema de clasificación o colocación Estado de daño No para préstamo Biblioteca de origen Biblioteca actual Ubicación en estantería Fecha de adquisición Fuente de adquisición Total de préstamos Signatura topográfica completa Código de barras Visto por última vez Precio de reemplazo Tipo de ítem Koha
    Clasificación decimal universal     Biblioteca del Ateneo de Madrid Biblioteca del Ateneo de Madrid Depósito J 23/05/2024 Donación   N-8669 101227803 23/05/2024 23/05/2024 Libro impreso